000 00697nam a22002177a 4500
003 UA-OsUOA
001 102917
007 ta
008 20131007b un ||||| |||| 00| 0 ukr d
100 _aМярковський А.І.
090 _a330(477)
_bМ99
942 _cSA
040 _aUA-OsUOA
_bukr
_cUA-OsUOA
_dUA-OsUOA
245 _aАнтикризове управління державними фінансами: питання стратегії та ефективних рішень
300 _aС.7-24
955 _a0
041 _aukr
080 _a330(477)
773 0 _w102916
_tФінанси України
_dК.
_d2012
_g12
650 7 _a330 Економіка взагалі
_2UDC
999 _c389072
_d389072